|
|
|
|
| LEADER |
00000nam a2200000 4500 |
| 001 |
vtls011893679 |
| 003 |
SK-MaSNL |
| 005 |
20260426013322.0 |
| 008 |
210624s2018 xo o g c 000 0 eng |
| 015 |
|
|
|a SNBE2019
|
| 020 |
|
|
|a 9788080592202
|q (brožované)
|
| 035 |
|
|
|a urn:nbn:sk:snk-am00ed3l
|
| 035 |
|
|
|a urn:nbn:sk:snk-am3igfd
|
| 035 |
|
|
|a 27B073C3-ACB1-42F8-84CA-2DB7A77BAE1B
|
| 040 |
|
|
|a SNK
|b slo
|c SNK
|e rda
|
| 041 |
0 |
|
|a eng
|
| 043 |
|
|
|a e-xo---
|
| 044 |
|
|
|a xo
|c SK
|
| 072 |
|
7 |
|a 77
|x Fotografia. Fotografické postupy
|2 konspekt
|
| 080 |
|
|
|a 77.03/.08
|2 2011
|
| 080 |
|
|
|a 77.04
|2 2011
|
| 080 |
|
|
|a 72/76(437.6)
|2 2011
|
| 080 |
|
|
|a 7.036/.038
|2 2011
|
| 080 |
|
|
|a (437.6)
|2 2011
|
| 080 |
|
|
|a (083.824)
|2 2011
|
| 100 |
1 |
|
|a Hrabušický, Aurel,
|d 1955-
|4 aut
|4 ccp
|9 93400
|
| 245 |
1 |
0 |
|a Useful photography
|b photography in contemporary Slovak art
|c texts Aurel Hrabušický, Filip Vančo, Alexandra Kusá (preface) ; translation Michael Frontczak ; photographs Cyril Blažo, Peter Fabo, Petra Feriancová, Katarína Hrušková, Dominika Jackuliaková, Ján Kekeli, Martin Kochan, Roman Ondák, Lucia Papčová, Katarína Poliačiková, Lucia Sceranková, Viktor Šelesták, Ján Šipöcz, Milan Tittel, Ján Viazanička, Martin Vongrej, Jaroslav Žiak, Kvĕta Fulierová, Martin Kollár, Lucia Nimcová, Jiri Svestka, Lukáš Jasanský, Martin Polák
|
| 246 |
3 |
0 |
|a Photography in contemporary Slovak art
|
| 264 |
|
1 |
|a Bratislava
|b Slovenská národná galéria
|c 2018
|
| 300 |
|
|
|a 199 strán
|b farebné fotografie
|c 34 cm
|
| 336 |
|
|
|a text
|b txt
|2 rdacontent
|
| 336 |
|
|
|a statický obraz
|b sti
|2 rdacontent
|
| 337 |
|
|
|a bez média
|b n
|2 rdamedia
|
| 338 |
|
|
|a zväzok
|b nc
|2 rdacarrier
|
| 500 |
|
|
|a Katalóg vychádza k výstave Užitočná fotografia. Fotografia v súčasnom slovenskom umení v SNG - Esterházyho paláci, Bratislava, 8.11.2018-17.02.2019
|
| 500 |
|
|
|a Životopisné dáta, prehľad výstav
|
| 650 |
0 |
7 |
|a fotografia
|2 SNKPH
|9 1694
|
| 650 |
0 |
7 |
|a umelecká fotografia
|2 SNKPH
|9 29370
|
| 650 |
0 |
7 |
|a slovenské umenie
|2 SNKPH
|9 3001
|
| 650 |
0 |
7 |
|a moderné umenie
|2 SNKPH
|9 68456
|
| 650 |
0 |
7 |
|a Photography
|2 SNKPHeng
|9 266313
|
| 650 |
0 |
7 |
|a Artistic photography
|2 SNKPHeng
|9 311568
|
| 650 |
0 |
7 |
|a Slovak art
|2 SNKPHeng
|9 275442
|
| 650 |
0 |
7 |
|a Modern art
|2 SNKPHeng
|9 294689
|
| 651 |
|
7 |
|a Slovensko
|2 SNKPH
|9 14231
|
| 651 |
|
7 |
|a Slovakia
|2 SNKPHeng
|9 92630
|
| 655 |
|
7 |
|a katalógy výstav
|2 SNKPH
|9 70445
|
| 655 |
|
7 |
|a Exhibition catalogs
|2 SNKPHeng
|9 266232
|
| 700 |
1 |
|
|a Vančo, Filip,
|d 1972-
|4 aut
|4 ccp
|9 102034
|
| 700 |
1 |
|
|a Kusá, Alexandra,
|d 1973-
|4 aui
|9 11706
|
| 700 |
1 |
|
|a Frontczak, Michael
|4 trl
|9 313330
|
| 700 |
1 |
|
|a Blažo, Cyril,
|d 1970-
|4 art
|4 pht
|9 217540
|
| 700 |
1 |
|
|a Fabo, Peter
|4 art
|4 pht
|9 87613
|
| 700 |
1 |
|
|a Feriancová, Petra,
|d 1977-
|4 art
|4 pht
|9 315947
|
| 700 |
1 |
|
|a Hrušková, Katarína
|4 art
|4 pht
|9 614910
|
| 700 |
1 |
|
|a Jackuliaková, Dominika,
|d 1989-
|4 art
|4 pht
|9 180981
|
| 700 |
1 |
|
|a Kekeli, Ján,
|d 1984-
|4 art
|4 pht
|9 228474
|
| 700 |
1 |
|
|a Kochan, Martin,
|d 1981-
|4 art
|4 pht
|9 348881
|
| 700 |
1 |
|
|a Ondák, Roman,
|d 1966-
|4 art
|4 pht
|9 108816
|
| 700 |
1 |
|
|a Papčová, Lucia,
|d 1987-
|4 art
|4 pht
|9 242348
|
| 700 |
1 |
|
|a Poliačiková, Katarína,
|d 1982-
|4 art
|4 pht
|9 264696
|
| 700 |
1 |
|
|a Sceranková, Lucia,
|d 1985-
|4 art
|4 pht
|9 260571
|
| 700 |
1 |
|
|a Šelesták, Viktor,
|d 1989-
|4 art
|4 pht
|9 196197
|
| 700 |
1 |
|
|a Šipöcz, Ján
|4 art
|4 pht
|9 512733
|
| 700 |
1 |
|
|a Tittel, Milan
|4 art
|4 pht
|9 614911
|
| 700 |
1 |
|
|a Viazanička, Ján,
|d 1983-
|4 art
|4 pht
|9 155367
|
| 700 |
1 |
|
|a Vongrej, Martin,
|d 1986-
|4 art
|4 pht
|9 206972
|
| 700 |
1 |
|
|a Žiak, Jaroslav,
|d 1966-
|4 art
|4 pht
|9 70875
|
| 700 |
1 |
|
|a Fulierová, Květoslava,
|d 1932-
|4 pht
|9 122639
|
| 700 |
1 |
|
|a Kollár, Martin,
|d 1971-
|4 pht
|9 119357
|
| 700 |
1 |
|
|a Nimcová, Lucia,
|d 1977-
|4 pht
|9 111047
|
| 700 |
1 |
|
|a Jasanský, Lukáš
|4 pht
|9 614912
|
| 700 |
1 |
|
|a Polák, Martin,
|d 1966-
|4 pht
|9 714632
|
| 700 |
1 |
|
|a Švestka, Jiří,
|d 1955-
|4 pht
|9 193457
|
| 919 |
|
|
|a 978-80-8059-220-2
|
| 999 |
|
|
|c 1120112
|d 1122042
|
| 952 |
|
|
|a SNK
|b SNK
|y PREZ
|7 0
|p 17A1390595
|o snkOSB 19740
|i snk2019/26059
|8 0
|0 0
|1 0
|4 0
|d 2019-10-14
|f 1
|l 0
|r 2026-02-24 18:28:43
|w 2026-02-24
|
| 952 |
|
|
|a SNK
|b SNK
|y VYP
|7 0
|p 17A1390596
|o snkOSB 19740 D1
|i snk2019/26060
|8 0
|0 0
|1 0
|4 0
|d 2019-10-14
|l 0
|r 2026-02-24 18:28:43
|w 2026-02-24
|